[Event "ch-FRA Top 16 GpA"]
[Site "Noyon FRA"]
[Date "2005.04.03"]
[Round "7"]
[White "Pelletier,Y"]
[Black "Nevednichy,V"]
[Result "1/2-1/2"]
[WhiteElo "2604"]
[BlackElo "2559"]
[EventDate "2005.03.31"]

1. Nf3 d6 2. c4 e5 3. d4 e4 4. Ng5 f5 5. Nc3 Be7 6. Nh3 c6 7. g3 Na6 8. Bg2
Nf6 9. f3 O-O 10. O-O exf3 11. exf3 Nc7 12. Qd3 d5 13. Re1 dxc4 14. Qxc4+
Nfd5 15. Bf4 Kh8 16. Be5 Bf6 17. Rad1 Bxe5 18. dxe5 Be6 19. f4 Qe7 20. Nxd5
Nxd5 21. Ng5 Bg8 22. Qd4 h6 23. Nf3 Be6 24. a3 Kh7 25. Rd3 Rfd8 26. Red1
Rd7 27. Qf2 g6 28. Nd4 Bg8 29. Nb5 a6 30. Nd6 h5 31. b4 Be6 32. h4 Rad8 33.
Qc5 Kh6 34. Rd4 Ne3 35. R1d3 Nxg2 36. Kxg2 Bd5+ 37. Kf2 Qe6 38. Re3 Kg7 39.
Rd2 Bh1 40. Qb6 Be4 41. Ke2 Kh6 42. Kd1 Rxd6 43. exd6 Rxd6 44. Qc5 Rxd2+
45. Kxd2 Qa2+ 46. Kd1 Kh7 47. Qc3 Qf2 48. Kc1 Qa2 49. Re1 b6 50. Rd1 Qb1+
51. Kd2 Qa2+ 52. Ke3 Bd5 53. Re1 Be4 54. Re2 Qb1 55. Kd4 Qd1+ 56. Rd2 Qe1
57. Ke5 Bd5+ 58. Kd6 Qe6+ 59. Kc7 Qe7+ 60. Kxb6 Qd8+ 61. Kc5 Qe7+ 62. Kb6
Qd8+ 63. Kc5 1/2-1/2

[Event "ch-FRA Top 16 GpA"]
[Site "Noyon FRA"]
[Date "2005.04.03"]
[Round "7"]
[White "Laval,B"]
[Black "Koch,JR"]
[Result "0-1"]
[WhiteElo "2163"]
[BlackElo "2431"]
[EventDate "2005.03.31"]

1. e4 c5 2. Nf3 g6 3. g3 Bg7 4. Bg2 Nc6 5. O-O d6 6. Nc3 Rb8 7. a4 a6 8. d3
b5 9. axb5 axb5 10. Nh4 b4 11. Nd5 e6 12. Ne3 e5 13. Nc4 Nge7 14. f4 exf4
15. gxf4 Nd4 16. f5 Nec6 17. Nf3 O-O 18. Bf4 Nb5 19. Bg5 Qc7 20. f6 Bh8 21.
Ne3 Be6 22. Nh4 Rfe8 23. Nhf5 Nbd4 24. Ra6 Ra8 25. Rxa8 Rxa8 26. c3 Bb3 27.
Qe1 Ne6 28. Bh4 Kf8 29. Nd5 Qd8 30. Nfe7 Ne5 31. Qd2 bxc3 32. bxc3 Ke8 33.
c4 Qa5 34. Qh6 Kd7 35. Be1 Qa6 36. Bc3 Bc2 37. Ra1 Qxa1+ 38. Bxa1 Rxa1+ 39.
Bf1 Bxd3 40. Ne3 Bxf6 41. N7d5 Bg5 42. Qxh7 Bxc4 43. Ng4 Bd3 44. Nxe5+ dxe5
45. Qxf7+ Kd6 46. Qb7 Rxf1+ 47. Kg2 Bc4 48. Nb6 Nf4+ 49. Kg3 Be6 50. Qb8+
Kc6 51. Na4 Rg1+ 52. Kf2 Nh3+ 53. Ke2 Bc4+ 54. Kf3 Bd5 55. Ke2 Rg2+ 56. Kd1
0-1

[Event "ch-FRA Top 16 GpA"]
[Site "Noyon FRA"]
[Date "2005.04.03"]
[Round "7"]
[White "Conquest,S"]
[Black "Oudot,J"]
[Result "1-0"]
[WhiteElo "2513"]
[BlackElo "2142"]
[EventDate "2005.03.31"]

1. d4 d5 2. c4 c6 3. Nf3 Nf6 4. e3 e6 5. Bd3 Nbd7 6. Nbd2 Bd6 7. e4 dxe4 8.
Nxe4 Nxe4 9. Bxe4 Qc7 10. O-O Nf6 11. Bc2 b6 12. Qe2 Bb7 13. Bg5 O-O-O 14.
c5 bxc5 15. dxc5 Bxc5 16. Rac1 Qb6 17. Ne5 Rhf8 18. Bb3 h6 19. Nc4 Qb5 20.
Bf4 Ba6 21. Qe5 Nd5 22. Bg3 Rfe8 23. Qxg7 Rd7 24. Qxh6 Nb4 25. Ne5 Rde7 26.
Rfd1 Nd5 27. Bc4 1-0

[Event "ch-FRA Top 16 GpA"]
[Site "Noyon FRA"]
[Date "2005.04.03"]
[Round "7"]
[White "Collas,S"]
[Black "Varoquier,R"]
[Result "1-0"]
[WhiteElo "2358"]
[BlackElo "1920"]
[EventDate "2005.03.31"]

1. Nf3 d5 2. d4 Nf6 3. c4 e6 4. Nc3 Be7 5. Bg5 O-O 6. e3 b6 7. Be2 Bb7 8.
Bxf6 Bxf6 9. cxd5 exd5 10. O-O a6 11. Qb3 Qd6 12. Rad1 Nd7 13. Rfe1 Be7 14.
Bf1 Rfe8 15. g3 Qb4 16. Qc2 Nf6 17. Bg2 c5 18. a3 Qa5 19. Nd2 b5 20. dxc5
Bxc5 21. b4 Bxb4 22. axb4 Qxb4 23. Qb3 Qc5 24. Ndb1 Red8 25. Rd4 Rd7 26.
Red1 Rad8 27. Ne2 a5 28. Rc1 Qb6 29. Nbc3 Bc6 30. Na4 Qc7 31. Nc5 Rd6 32.
Nd3 Qe7 33. Qa3 Qa7 34. Ne5 Be8 35. Ng4 Nxg4 36. Rxg4 g6 37. Rd4 Qa8 38.
Nf4 b4 39. Qa2 Bc6 40. Rc5 1-0

[Event "ch-FRA Top 16 GpA"]
[Site "Noyon FRA"]
[Date "2005.04.03"]
[Round "7"]
[White "Cochet,C"]
[Black "Assad,K"]
[Result "1/2-1/2"]
[WhiteElo "2086"]
[BlackElo "2051"]
[EventDate "2005.03.31"]

1. e4 e5 2. Nf3 Nf6 3. Nxe5 d6 4. Nf3 Nxe4 5. Nc3 Nxc3 6. dxc3 Be7 7. Bf4
Nc6 8. Qd2 Be6 9. Ng5 Qd7 10. O-O-O a6 11. Bd3 O-O-O 12. Nxe6 fxe6 13. Rhe1
Bf6 14. Re2 Rde8 15. Rde1 e5 16. Bg3 Nb8 17. Rh1 1/2-1/2

[Event "ch-FRA Top 16 GpA"]
[Site "Noyon FRA"]
[Date "2005.04.03"]
[Round "7"]
[White "Hommeles,T"]
[Black "Nataf,IA"]
[Result "0-1"]
[WhiteElo "2384"]
[BlackElo "2557"]
[EventDate "2005.03.31"]

1. e4 e5 2. Nf3 Nc6 3. Bb5 Nf6 4. O-O Nxe4 5. d4 Nd6 6. Bxc6 dxc6 7. dxe5
Nf5 8. Qxd8+ Kxd8 9. Nc3 a5 10. h3 a4 11. Bg5+ Ke8 12. Rad1 Be6 13. g4 Ne7
14. Nd4 Ng6 15. b3 axb3 16. axb3 Bd7 17. Rfe1 h6 18. Be3 Bb4 19. Rd3 c5 20.
Nf5 Bxf5 21. gxf5 Nh4 22. Re2 Ra1+ 23. Kh2 Re1 24. Nd5 Rxe2 25. Nxc7+ Ke7
26. Nd5+ Kf8 27. Nxb4 cxb4 28. Rd8+ Ke7 29. Rxh8 Nxf5 30. Bc5+ Ke6 31. Kg2
Rxc2 32. Bxb4 Rb2 33. Re8+ Kd5 34. Rb8 Rxb3 35. Rxb7 Nh4+ 36. Kf1 Kc4 37.
Rxf7 Rxb4 38. e6 Ng6 39. f4 Kd3 40. f5 Nh4 41. Kf2 Rf4+ 42. Kg3 Re4 43. Kf2
Re5 44. Kg3 g5 45. Kg4 Ke4 46. f6 Rxe6 47. Re7 Kd5 48. f7 Rf6 49. Ra7 Nf5
50. Kh5 Ng7+ 51. Kg4 Rf4+ 52. Kg3 Nf5+ 53. Kh2 Nd6 54. h4 Kd4 0-1

[Event "ch-FRA Top 16 GpA"]
[Site "Noyon FRA"]
[Date "2005.04.03"]
[Round "7"]
[White "Hauchard,A"]
[Black "Clery,N"]
[Result "1/2-1/2"]
[WhiteElo "2487"]
[BlackElo "2327"]
[EventDate "2005.03.31"]

1. c4 e6 2. Nc3 d5 3. d4 dxc4 4. e3 Nf6 5. Bxc4 a6 6. Qe2 b5 7. Bd3 Bb7 8.
Nf3 Nbd7 9. O-O c5 10. Rd1 Qb8 11. b3 Bd6 12. h3 O-O 13. Bb2 cxd4 14. Nxd4
Ne5 15. Bc2 Ng6 16. Nf3 e5 17. Ng5 Be7 18. Nge4 Nxe4 19. Bxe4 Bxe4 20. Nxe4
Qb7 21. Qf3 Rab8 22. Nd2 Rfd8 23. Rac1 Qxf3 24. Nxf3 f6 25. Kf1 Rxd1+ 26.
Rxd1 Rc8 27. Ke2 Rc2+ 28. Rd2 Rxd2+ 29. Nxd2 Kf7 30. a4 Ke6 31. axb5 axb5
32. g4 Kd5 33. Kd3 Nf8 34. Ne4 Ne6 35. f3 Nc5+ 36. Nxc5 Bxc5 37. Bc3 Be7
38. e4+ 1/2-1/2